[Event "Tourn. n10031"]
[Site "www.echecsemail.com"]
[Date "2019.03.01"]
[Round "1"]
[White "Comrade"]
[Black "Apdash"]
[WhiteElo "2250"]
[BlackElo "2230"]
[Result "1-0"]
[Round "1"]
1.c4 e5
2.Nb1c3 Ng8f6
3.g3 Bf8b4
4.Bf1g2 c6
5.d4 exd4
6.Qd1xd4 O-O
7.Bc1d2 Nb8a6
8.e4 Rf8e8
9.Ng1e2 Bb4c5
10.Qd4d3 Na6b4
11.Qd3b1 d5
12.cxd5 cxd5
13.a3 Nb4a6
14.b4 Bc5b6
15.exd5 Nf6g4
16.O-O Qd8f6
17.Ne2f4 Qf6d4
18.Qb1d3 Ng4xf2
19.Qd3xd4 Bb6xd4
20.Rf1xf2 g5
21.Nf4h5 Re8e5
22.Ra1e1 Re5xe1
23.Bd2xe1 f5
24.d6 Ra8b8
25.Kf1 Bd4xf2
26.Be1xf2 b6
27.Bg2d5 Kf8
28.Nc3b5 Bc8b7
29.Bd5e6 Bb7f3
30.Nh5f6 Kg7
31.Bf2d4 Kg6
32.Nb5xa7 Rb8a8
33.Na7b5 h5
34.Be6d5 Bf3xd5
35.Nf6xd5 Kf7
36.Bd4xb6 Ke6
37.Nd5c7 Na6xc7
38.Nb5xc7 Kxd6
39.Nc7xa8 Kc6
40.Bb6e3 g4
41.a4 { resign }
1-0

[Event "Match"]
[Site "www.echecsemail.com"]
[Date "2019.03.01"]
[Round "1"]
[White "Whitekknight"]
[Black "Dussek"]
[WhiteElo "1880"]
[BlackElo "1870"]
[Result "1-0"]
[Round "1"]
1.e4 c6
2.d4 d5
3.exd5 cxd5
4.Ng1f3 Bc8g4
5.Bf1e2 e6
6.a3 Ng8f6
7.O-O Bf8d6
8.Nb1c3 O-O
9.h3 Bg4h5
10.Nc3b5 Bd6e7
11.Bc1f4 Nf6e8
12.Qd1d2 a6
13.Nb5c3 Nb8c6
14.g4 Bh5g6
15.Ra1d1 Ne8f6
16.Be2d3 Bg6xd3
17.Qd2xd3 b5
18.Nf3e5 Ra8c8
19.Ne5xc6 Rc8xc6
20.Bf4g3 Qd8d7
21.f4 Be7d6
22.Kg2 Rf8e8
23.Nc3e2 Nf6e4
24.Bg3h2 Bd6e7
25.Rd1c1 Re8c8
26.c3 Qd7b7
27.Rc1b1 a5
28.Ne2g3 b4
29.axb4 axb4
30.Ng3xe4 dxe4
31.Qd3xe4 Qb7b5
32.Rf1f3 b3
33.Rf3d3 Qb5a4
34.g5 Qa4a2
35.Rd3d1 Qa2a5
36.Rb1a1 Qa5b5
37.d5 Rc6c4
38.Qe4e5 Qb5c5
39.Bh2g1 Qc5d6
40.Qe5xd6 Be7xd6
41.Rd1d4 Rc4xd4
42.Bg1xd4 exd5
43.Ra1a5 Bd6xf4
44.Ra5a1 Bf4xg5
45.Ra1a3 f6
46.Ra3xb3 Kf7
47.Rb3b5 Rc8d8
48.b4 g6
49.Rb5b7 Kg8
50.Kg3 Rd8d6
51.Bd4c5 Rd6e6
52.Rb7e7 Re6c6
53.Bc5d4 h6
54.b5 Rc6c8
55.b6 Kf8
56.Re7c7 Rc8d8
57.b7 f5
58.Rc7c8 f4
59.Kf3 Bg5e7
60.Rc8xd8 { resign }
1-0

[Event "Tourn. n10071"]
[Site "www.echecsemail.com"]
[Date "2019.03.01"]
[Round "1"]
[White "Francesco"]
[Black "Estonia"]
[WhiteElo "2060"]
[BlackElo "2010"]
[Result "1-0"]
[Round "1"]
1.e4 c5
2.c3 e5
3.d4 cxd4
4.cxd4 exd4
5.Qd1xd4 Nb8c6
6.Qd4d1 Bf8b4
7.Bc1d2 Qd8e7
8.Bf1d3 Bb4xd2
9.Nb1xd2 d5
10.Ng1f3 Bc8g4
11.O-O O-O-O
12.Rf1e1 Ng8h6
13.exd5 Qe7f6
14.Nd2e4 Qf6xb2
15.dxc6 b6
16.Qd1e2 Qb2xe2
17.Bd3xe2 f5
18.Ne4g5 Bg4xf3
19.Be2xf3 Rh8e8
20.Ng5xh7 Nh6f7
21.Bf3h5 Re8xe1
22.Ra1xe1 Nf7d6
23.Re1d1 Kc7
24.Bh5f3 Rd8h8
25.Nh7g5 Rh8h6
26.Bf3d5 Nd6e4
27.Ng5xe4 fxe4
28.Bd5xe4 Kc8
29.Rd1d7 { resign }
1-0

[Event "Tourn. n10019"]
[Site "www.echecsemail.com"]
[Date "2019.03.01"]
[Round "1"]
[White "Andychesston"]
[Black "Fabos12"]
[WhiteElo "2000"]
[BlackElo "1950"]
[Result "0-1"]
[Round "1"]
1.e4 e6
2.d4 Nb8c6
3.Ng1f3 d5
4.exd5 exd5
5.Bf1e2 Ng8f6
6.Nb1c3 Bf8e7
7.O-O O-O
8.Bc1f4 a6
9.Be2d3 Bc8g4
10.h3 Bg4h5
11.g4 Bh5g6
12.g5 Nf6h5
13.Qd1d2 Nc6b4
14.Nf3e5 Nb4xd3
15.cxd3 Nh5xf4
16.Qd2xf4 Be7xg5
17.Qf4f3 c6
18.Ra1e1 Bg5d2
19.Re1e2 Bd2xc3
20.bxc3 Qd8g5
21.Kh1 Bg6h5
22.Ne5g4 f5
23.Re2e5 Qg5g6
24.Qf3e3 fxg4
25.Rf1g1 Ra8e8
26.hxg4 Bh5xg4
27.Rg1xg4 Qg6xg4
28.Re5xe8 Qg4h5
29.Kg2 Rf8xe8
30.Qe3g3 Qh5f5
31.c4 h5
32.cxd5 Qf5xd5
33.Kh3 Re8e1
34.f3 Re1e3
35.Kg2 Qd5xa2
36.Kh3 Qa2e6
37.Kh4 Qe6f6
38.Kxh5 Re3xf3
39.Qg3b8 Kh7
40.Qb8e8 Rf3h3
41.Kg4 Qf6f3
42.Kg5 Rh3g3
43.Kh4 Qf3g4
{ resign }
0-1

[Event "1/32 Finale"]
[Site "www.chess-mail.com"]
[Date "2019.03.01"]
[Round "1"]
[White "Nimzo"]
[Black "Zack1984"]
[WhiteElo "2850"]
[BlackElo "2050"]
[Result "1-0"]
[Round "1"]
1.d4 Ng8f6
2.c4 g6
3.g3 Bf8g7
4.Bf1g2 O-O
5.Nb1c3 d6
6.Ng1f3 Nb8d7
7.O-O e5
8.e4 c6
9.h3 Qd8b6
10.c5 dxc5
11.dxe5 Nf6e8
12.Nc3a4 Qb6b5
13.e6 fxe6
14.Bc1e3 b6
15.Rf1e1 c4
16.Ra1c1 Ra8b8
17.e5 Nd7xe5
18.Nf3xe5 Bg7xe5
19.Be3c5 bxc5
20.Re1xe5 Rf8f5
21.Re5xf5 exf5
22.Qd1e2 Ne8g7
23.Qe2e5 Rb8b7
24.b3 cxb3
25.axb3 Bc8e6
26.Na4xc5 Rb7e7
27.Rc1d1 Re7e8
28.Bg2f1 Qb5b8
29.Qe5d4  { time }
1-0

[Event "1/128 Finale"]
[Site "www.chess-mail.com"]
[Date "2019.03.01"]
[Round "1"]
[White "Ffdd65"]
[Black "Cal"]
[WhiteElo "2200"]
[BlackElo "1870"]
[Result "1-0"]
[Round "1"]
1.e4 e5
2.d4 exd4
3.Qd1xd4 d6
4.Bf1d3 Ng8f6
5.h3 Nb8c6
6.Qd4e3 h6
7.Nb1c3 a6
8.Bc1d2 Bf8e7
9.a3 O-O
10.Ng1f3 b5
11.Nc3e2 Nc6e5
12.Nf3xe5 dxe5
13.Ne2g3 Bc8b7
14.Ng3f5 c5
15.h4 Nf6g4
16.Qe3g3 h5
17.f3 g6
18.Nf5xe7 Qd8xe7
19.fxg4 hxg4
20.Qg3xg4 Kg7
21.h5 Bb7c8
22.Qg4g3 Rf8g8
23.Bd2g5 Qe7e6
24.hxg6 Qe6xg6
25.Qg3xe5 Kf8
26.Bg5h6 Rg8g7
27.Bh6xg7 Kg8
28.Rh1h8 
1-0

[Event "Match"]
[Site "www.echecsemail.com"]
[Date "2019.03.02"]
[Round "1"]
[White "Bigrezi"]
[Black "Caspito"]
[WhiteElo "2350"]
[BlackElo "1800"]
[Result "0-1"]
[Round "1"]
1.e4 Ng8f6
2.Nb1c3 e5
3.Ng1f3 Bf8c5
4.Bf1c4 Qd8e7
5.a3 O-O
6.O-O c6
7.b4 Bc5d4
8.Bc1b2 d6
9.Ra1b1 Bc8g4
10.Bc4e2 Bd4xc3
11.Bb2xc3 Nf6xe4
12.Bc3b2 Nb8d7
13.d3 Ne4f6
14.Nf3d2 Bg4xe2
15.Qd1xe2 a6
16.Rf1e1 Rf8e8
17.d4 b5
18.dxe5 dxe5
19.Nd2f3 Nf6g4
20.h3 Ng4xf2
21.Qe2xf2 f6
22.Nf3d4 a5
23.c3 Qe7d6
24.Nd4f5 Qd6c7
25.Rb1d1 e4
26.Qf2e2 Nd7b6
27.Rd1d6 Nb6c4
28.Re1d1 Nc4xd6
29.Rd1xd6 axb4
30.cxb4 c5
31.bxc5 Qc7xc5
32.Qe2f2 e3
33.Qf2f3 e2
{ resign }
0-1

[Event "Tourn. n10059"]
[Site "www.echecsemail.com"]
[Date "2019.03.02"]
[Round "1"]
[White "Panham"]
[Black "Cathar"]
[WhiteElo "2250"]
[BlackElo "2140"]
[Result "0-1"]
[Round "1"]
1.e4 e5
2.Ng1f3 Nb8c6
3.Bf1c4 Ng8f6
4.d3 Bf8c5
5.c3 O-O
6.O-O d5
7.exd5 Nf6xd5
8.Nb1d2 Nd5b6
9.Nd2e4 Bc5e7
10.Bc4b3 Bc8f5
11.Bc1e3 Bf5g6
12.Qd1e2 Kh8
 { time }
0-1

[Event "Match"]
[Site "www.echecsemail.com"]
[Date "2019.03.02"]
[Round "1"]
[White "Tbsundar"]
[Black "Aiko1603"]
[WhiteElo "2110"]
[BlackElo "2160"]
[Result "1-0"]
[Round "1"]
1.d4 Ng8f6
2.Ng1f3 g6
3.e3 Bf8g7
4.Nb1d2 d5
5.c3 O-O
6.Bf1d3 Bc8g4
7.h3 Bg4xf3
8.Qd1xf3 Nb8c6
9.O-O e5
10.Bd3b5 e4
11.Qf3e2 Qd8d6
12.Bb5a4 a6
13.b4 b5
14.Ba4c2 Nc6e7
15.Nd2b3 Ne7c8
16.a4 Nc8b6
17.axb5 axb5
18.Qe2xb5 Nb6c4
19.Nb3a5 Rf8b8
20.Na5xc4 dxc4
21.Ra1xa8 Rb8xa8
22.Qb5xc4 Ra8a6
23.Bc2b3 { resign }
1-0

[Event "Tourn. n10030"]
[Site "www.echecsemail.com"]
[Date "2019.03.02"]
[Round "1"]
[White "Mitja"]
[Black "Andychesston"]
[WhiteElo "1960"]
[BlackElo "1980"]
[Result "1-0"]
[Round "1"]
1.d4 d5
2.e3 Ng8f6
3.c3 Bc8f5
4.h3 e6
5.b3 Bf8e7
6.Bc1b2 O-O
7.Bf1d3 Bf5g6
8.Bd3xg6 fxg6
9.Ng1f3 Nf6e4
10.Nb1d2 Be7h4
11.Nd2xe4 dxe4
12.Nf3xh4 Qd8xh4
13.O-O Rf8f5
14.Qd1g4 Qh4h6
15.Kh2 Nb8d7
16.Qg4xe4 Ra8e8
17.Qe4xb7 Nd7f6
18.Kg1 Re8f8
19.Bb2a3 Rf8e8
20.Qb7xc7 Rf5g5
21.Kh1 Rg5d5
22.Qc7c6 g5
23.e4 Rd5d8
24.e5 Rd8c8
25.Qc6f3 g4
26.Qf3d3 Nf6d5
27.c4 Nd5f4
28.Qd3g3 gxh3
29.gxh3 Nf4xh3
30.Kg2 Nh3f4
31.Kf3 Nf4h5
32.Qg3g4 Rc8c7
33.Ba3c1 Rc7f7
34.Ke2 Nh5f4
35.Kd1 g5
36.Bc1xf4 Rf7xf4
37.Qg4e2 Rf4xd4
38.Kc2 Qh6g6
39.Kb2 Re8d8
40.Ra1d1 Qg6f5
41.Rd1xd4 Rd8xd4
42.Rf1d1 Rd4e4
43.Qe2d2 Qf5xe5
44.Ka3 Re4e2
45.Qd2d8 Kg7
46.Qd8d7 Kg6
47.Rd1h1 Qe5b2
48.Kb4 a5
49.Kxa5 Qb2xa2
50.Kb4 Qa2d2
51.Qd7xd2 Re2xd2
52.c5 Rd2xf2
53.c6 Rf2c2
54.Kb5 Rc2c3
55.b4 h5
56.Kb6 h4
57.b5 Kf7
58.c7 Ke7
59.Kb7 Rc3d3
60.c8Q Kf6
61.Rh1f1 Ke5
62.Qc8h8 Ke4
63.Qh8f6 { resign }
1-0

[Event "Match"]
[Site "www.echecsemail.com"]
[Date "2019.03.02"]
[Round "1"]
[White "Gimmyg"]
[Black "Zack1984"]
[WhiteElo "2580"]
[BlackElo "2420"]
[Result "1-0"]
[Round "1"]
1.Nb1c3 g5
2.d4 e6
3.e4 Bf8g7
4.Bc1e3 d5
5.Qd1d2 dxe4
6.Be3xg5 Qd8xd4
7.O-O-O Qd4xd2
8.Rd1xd2 f6
9.Bg5f4 Ng8e7
10.Nc3xe4 e5
11.Bf4e3 b6
12.f4 Ne7f5
13.Be3f2 Nb8c6
14.Bf1b5 Bc8b7
15.Ng1f3  { time }
1-0

[Event "Match"]
[Site "www.echecsemail.com"]
[Date "2019.03.02"]
[Round "1"]
[White "Cal"]
[Black "Gambitmiau"]
[WhiteElo "1860"]
[BlackElo "1880"]
[Result "0-1"]
[Round "1"]
1.c4 e5
2.e4 Ng8f6
3.d3 Bf8e7
4.Bc1g5 O-O
5.h3 Nb8c6
6.a3 d6
7.Ng1f3 Nf6h5
8.Bg5xe7 Qd8xe7
9.b4 Nh5f4
10.Qd1d2 f5
11.Bf1e2 Nf4xg2
12.Kf1 Ng2f4
13.h4 fxe4
14.dxe4 Bc8h3
15.Kg1 Nc6d4
16.Nf3xd4 Qe7xh4
17.Nd4f3 Qh4g4
18.Kh2 Qg4g2

0-1

[Event "Tourn. n10075"]
[Site "www.echecsemail.com"]
[Date "2019.03.03"]
[Round "1"]
[White "Hansen"]
[Black "Claudia"]
[WhiteElo "1760"]
[BlackElo "1850"]
[Result "0-1"]
[Round "1"]
1.e4 c5
2.b3 d6
3.Nb1c3 e6
4.g3 Ng8f6
5.d3 Bf8e7
6.g4 O-O
7.g5 Nf6d7
8.h4 Nb8c6
9.g6 Be7f6
10.Qd1h5 Bf6xc3
11.Bc1d2 Bc3xd2
12.Kxd2 fxg6
13.Qh5g4 Rf8xf2
14.Kc3 Qd8f6
15.Kc4 Qf6d4
16.Kb5 a6
{ resign }
0-1

[Event "Match"]
[Site "www.echecsemail.com"]
[Date "2019.03.03"]
[Round "1"]
[White "Ztornad"]
[Black "Llord"]
[WhiteElo "1910"]
[BlackElo "1960"]
[Result "0-1"]
[Round "1"]
1.e4 e5
2.Ng1f3 Nb8c6
3.Nb1c3 Ng8f6
4.Bf1c4 Bf8c5
5.O-O O-O
6.d3 Nf6g4
7.Qd1d2 Nc6d4
8.Nf3xd4 Bc5xd4
9.Nc3d1 d6
10.c3 Bd4b6
11.d4 exd4
12.cxd4 c5
13.d5 Bb6a5
14.Qd2f4 a6
15.g3 Ng4f6
16.Nd1e3 Bc8h3
17.Ne3g2 Bh3xg2
18.Kxg2 Nf6h5
19.Qf4g5 Qd8xg5
20.Bc1xg5 h6
21.Bg5e7 Rf8e8
22.Be7xd6 Re8xe4
23.b3 Ra8e8
24.Bd6xc5 Re4e5
25.Ra1d1 Re5g5
26.Bc5e3 Rg5g6
27.Bc4d3 Rg6d6
28.Bd3e2 Nh5f6
29.Be2f3 Re8d8
30.Rd1d4 Ba5b6
31.Rd4d3 Bb6xe3
32.fxe3 Nf6xd5
33.Rf1d1 Nd5f4
34.gxf4 Rd6xd3
35.Rd1e1 Rd3d2
36.Kg3 Rd2xa2
37.Bf3xb7 a5
38.Bb7a6 Ra2a3
39.Ba6c4 a4
40.Re1b1 Rd8b8
41.b4 Ra3xe3
42.Kg4 a3
43.b5 Re3c3
44.Bc4e2 Rc3c2
45.Be2f1 a2
46.Rb1a1 Rb8a8
47.Bf1d3 Rc2xh2
48.Bd3e4 Ra8a3
49.Ra1d1 g6
50.Rd1a1 Rh2b2
51.Be4d5 Kg7
52.Bd5c6 Rb2b1
53.Ra1xa2 Ra3xa2
54.Kg3 Rb1b3
55.Kg4 h5
56.Kg5 f6
57.Kh4 Ra2h2

0-1

[Event "Match"]
[Site "www.echecsemail.com"]
[Date "2019.03.03"]
[Round "1"]
[White "Chapi"]
[Black "Geodad5"]
[WhiteElo "2090"]
[BlackElo "2110"]
[Result "0-1"]
[Round "1"]
1.d4 d5
2.c4 e6
3.Nb1c3 Ng8f6
4.Bc1g5 Bf8e7
5.Ng1f3 O-O
6.e3 c6
7.cxd5 exd5
8.Bf1d3 Nb8d7
9.O-O h6
10.Bg5h4 g5
11.Bh4g3 Nf6h5
12.Nf3xg5 Nh5xg3
13.Ng5h7 Ng3xf1
14.Qd1g4 Kh8
15.Nh7xf8 Nd7xf8
16.Qg4h5 Kg7
17.Ra1xf1 Qd8d6
18.f4 Qd6e6
19.Rf1f3 Bc8d7
20.f5 Qe6f6
21.Rf3g3 Kh8
22.e4 Qf6xd4
23.Kh1 Nf8h7
24.Qh5xf7 Qd4f6
25.Qf7xf6 Be7xf6
26.Rg3g6 Bf6xc3
27.bxc3 dxe4
{ resign }
0-1

[Event "Match"]
[Site "www.echecsemail.com"]
[Date "2019.03.03"]
[Round "1"]
[White "Logout"]
[Black "Coraza"]
[WhiteElo "2150"]
[BlackElo "1720"]
[Result "1-0"]
[Round "1"]
1.c4 e5
2.Nb1c3 Ng8f6
3.e3 Bf8b4
4.Ng1f3 e4
5.Nf3d4 c5
6.Nd4f5 O-O
7.Bf1e2 g6
8.Nf5d6 Qd8e7
9.Nd6b5 Qe7d8
10.O-O a6
11.Nb5d6 Bb4xc3
12.bxc3 Qd8e7
13.Nd6xc8 Rf8xc8
14.Qd1c2 d5
15.cxd5 Nf6xd5
16.c4 Nd5b4
17.Qc2c3 f6
18.a3 Nb4c6
19.Bc1b2 Rc8f8
20.d3 Nc6e5
21.dxe4 Nb8c6
22.f4 Ne5d7
23.Be2f3 b5
24.cxb5 axb5
25.e5 Nd7b8
26.exf6 Qe7e6
27.Rf1d1 Rf8f7
28.Bf3d5 b4
29.Bd5xe6 bxc3
30.Be6xf7 Kxf7
31.Bb2xc3 h5
32.e4 Ra8a7
33.e5 Nb8a6
34.Rd1d6 Nc6b8
35.e6 Kg8
36.Rd6d8 Kh7
37.f7 Ra7xf7
38.Rd8h8 
1-0

[Event "Match"]
[Site "www.echecsemail.com"]
[Date "2019.03.03"]
[Round "1"]
[White "Chessdna"]
[Black "Caspito"]
[WhiteElo "1499"]
[BlackElo "1790"]
[Result "0-1"]
[Round "1"]
1.e4 Ng8f6
2.e5 Nf6d5
3.d4 d6
4.c4 Nd5b6
5.b4 dxe5
6.d5 e6
7.Qd1e2 Bf8xb4
8.Bc1d2 Bb4xd2
9.Nb1xd2 O-O
10.Ra1d1 Nb6a4
11.Qe2xe5 Rf8e8
12.Nd2e4 exd5
13.Rd1xd5 Bc8d7
14.Qe5f4 c6
15.Rd5d2 Qd8b6
16.Bf1d3 Na4c3
17.Ng1e2 Nc3xe2
18.Kxe2 Nb8a6
19.Kf3 c5
20.Rh1e1 Na6b4
21.Re1e3 Bd7c6
 { time }
0-1

[Event "Match"]
[Site "www.echecsemail.com"]
[Date "2019.03.03"]
[Round "1"]
[White "Zack1984"]
[Black "Micheles"]
[WhiteElo "2340"]
[BlackElo "2480"]
[Result "0-1"]
[Round "1"]
1.Ng1f3 Ng8f6
2.c4 g6
3.d4 Bf8g7
4.b4 O-O
5.Bc1b2 d6
6.e3 c5
7.bxc5 dxc5
8.Nb1d2 cxd4
9.exd4 Nf6h5
10.Nd2b3 a5
11.Qd1d2 a4
12.Nb3c5 Qd8c7
13.Nc5e4 Bc8g4
 { time }
0-1

[Event "Tourn. n10070"]
[Site "www.echecsemail.com"]
[Date "2019.03.04"]
[Round "1"]
[White "Souricette64"]
[Black "Numanoid"]
[WhiteElo "2229"]
[BlackElo "2720"]
[Result "0-1"]
[Round "1"]
1.d4 e6
2.Ng1f3 d5
3.c4 c6
4.b3 Ng8f6
5.Bc1g5 Nb8d7
6.e3 Qd8a5
7.Nb1d2 Nf6e4
8.Bg5f4 e5
9.dxe5 g5
10.Bf4xg5 Nd7xe5
11.Nf3xe5 Ne4xd2
{ resign }
0-1

[Event "Match"]
[Site "www.echecsemail.com"]
[Date "2019.03.04"]
[Round "1"]
[White "Aperturaf"]
[Black "Zack1984"]
[WhiteElo "2730"]
[BlackElo "2230"]
[Result "1-0"]
[Round "1"]
1.e4 c5
2.Ng1f3 Nb8c6
3.d4 cxd4
4.Nf3xd4 Ng8f6
5.Nb1c3 e5
6.Nd4b5 d6
7.Bc1g5 a6
8.Nb5a3 Ra8b8
9.Na3c4 b5
10.Bg5xf6 Qd8xf6
11.Nc4e3 Qf6d8
12.a4 b4
13.Nc3d5 g6
14.Bf1c4 Bf8g7
15.Qd1d3 Bc8e6
16.O-O O-O
17.Bc4xa6 f5
18.f3  { time }
1-0

[Event "Tourn. n10065"]
[Site "www.echecsemail.com"]
[Date "2019.03.04"]
[Round "1"]
[White "Souricette64"]
[Black "Fantomas"]
[WhiteElo "2179"]
[BlackElo "2160"]
[Result "1/2-1/2"]
[Round "1"]
1.d4 d5
2.Bc1g5 h6
3.Bg5h4 Bc8f5
4.e3 a6
5.a4 Qd8d7
6.Ng1f3 Nb8c6
7.c4 dxc4
8.Bf1xc4 e6
9.Nb1d2 Bf8e7
10.Bh4xe7 Ng8xe7
11.O-O O-O
12.h3 Bf5h7
13.Qd1e2 Ne7d5
14.Rf1d1 Nc6b4
15.e4 Nd5b6
16.Bc4b3 a5
17.Nd2c4 Qd7c6
18.Nc4xb6 Qc6xb6
19.Nf3e5 Ra8d8
20.Ne5f3 c6
21.Ra1c1 Nb4a6
22.Rc1c3 { draw }
1/2-1/2

[Event "Tourn. n10087"]
[Site "www.echecsemail.com"]
[Date "2019.03.04"]
[Round "1"]
[White "Bojan"]
[Black "Fantomas"]
[WhiteElo "2020"]
[BlackElo "2240"]
[Result "0-1"]
[Round "1"]
1.e4 e5
2.Ng1f3 Nb8c6
3.c3 Ng8f6
4.d3 h6
5.Bc1e3 d5
6.exd5 Nf6xd5
7.Be3d2 Bc8g4
8.Bf1e2 Qd8f6
9.g3 Bg4h3
10.Be2f1 Bh3f5
11.Qd1e2 O-O-O
12.Nf3h4 Bf5h7
13.Bf1h3 Kb8
14.a3 Nd5b6
15.f4 exf4
16.Nh4f3 Bh7xd3
17.Qe2f2 Rd8e8
18.Kd1 fxg3
19.Qf2xg3 Bd3e2
20.Kc1 Qf6xf3
21.Rh1e1 Bf8d6
22.Qg3xf3 Be2xf3
23.Re1f1 Bf3h5
24.b4 Re8e2
25.b5 Nc6a5
26.a4 Na5b3
27.Kb2 Nb3xa1
28.Kxa1 f6
29.Rf1c1 Bh5f7
30.Bh3f1 Re2xh2
31.Bf1d3 Nb6xa4
{ resign }
0-1

[Event "Tourn. n10076"]
[Site "www.echecsemail.com"]
[Date "2019.03.04"]
[Round "1"]
[White "Luban"]
[Black "Balbyns"]
[WhiteElo "2190"]
[BlackElo "2190"]
[Result "0-1"]
[Round "1"]
1.d4 Ng8f6
2.c4 e6
3.e3 d5
4.a3 c5
5.Ng1f3 Nb8c6
6.Nb1c3 Bf8e7
7.Bf1d3 cxd4
8.exd4 dxc4
9.Bd3xc4 Nc6a5
10.Bc4d3 Nf6d5
11.Bc1d2 O-O
12.O-O Na5c6
13.Qd1c2 Nd5f6
14.Bd2e3 Rf8e8
15.h3 Bc8d7
16.Nf3e5 Be7d6
17.Ne5xc6 Bd7xc6
18.Nc3e4 Bc6xe4
19.Bd3xe4 Ra8c8
20.Qc2d3 Nf6xe4
21.Qd3xe4 b6
22.Rf1e1 Qd8d7
23.Ra1c1 f5
24.Qe4f3 Bd6e7
25.Re1d1 Be7f6
26.b4 Rc8xc1
27.Rd1xc1 Bf6xd4
28.Rc1d1 e5
29.Qf3h5 f4
30.Be3xd4 exd4
31.Rd1xd4 Re8e1
{ resign }
0-1

[Event "Match"]
[Site "www.echecsemail.com"]
[Date "2019.03.04"]
[Round "1"]
[White "Ztornad"]
[Black "Darknight"]
[WhiteElo "1930"]
[BlackElo "1960"]
[Result "1-0"]
[Round "1"]
1.e4 e5
2.d4 exd4
3.Qd1xd4 d6
4.Ng1f3 h6
5.Bc1e3 a6
6.h3 c5
7.Qd4d2 Nb8c6
8.e5 g6
9.c3 b5
10.c4 b4
11.b3 Bf8g7
12.a4 a5
13.Ra1a2 Bc8f5
14.Nb1a3 bxa3
15.Ra2xa3 Nc6b4
16.Ke2 Bf5d3
17.Kd1  { time }
1-0

[Event "Tourn. n10067"]
[Site "www.echecsemail.com"]
[Date "2019.03.04"]
[Round "1"]
[White "Bojan"]
[Black "Malbertan"]
[WhiteElo "1990"]
[BlackElo "1990"]
[Result "0-1"]
[Round "1"]
1.e4 e5
2.Ng1f3 Nb8c6
3.Nb1c3 Ng8f6
4.a3 Nc6d4
5.Nf3xe5 Qd8e7
6.Ne5f3 Nd4xf3
7.Qd1xf3 d5
8.d3 Bc8g4
9.Qf3f4 O-O-O
10.e5 h6
11.f3 Bg4h5
12.Bf1e2 Nf6h7
13.d4 g5
14.Qf4g3 f5
15.O-O Kb8
16.Be2d3 f4
17.Qg3h3 Bh5f7
18.g3 fxg3
19.hxg3 h5
20.Qh3g2 h4
21.g4 Bf8g7
22.Bc1d2 Nh7f8
23.Rf1e1 Nf8e6
24.Bd2e3 c6
25.b4 h3
26.Qg2h2 Rd8f8
27.Kf2 Bf7e8
28.Bd3f5 Be8d7
29.Re1h1 Rf8f7
30.Ra1f1 a6
31.Nc3a4 Ka7
32.Qh2g3 Bg7f8
33.Rh1xh3 Rh8xh3
34.Qg3xh3 c5
35.bxc5 Bd7xa4
36.c3 Ba4d7
37.Rf1b1 Bd7c6
38.Rb1b6 Ne6g7
39.Bf5d3 Bc6d7
40.Qh3h1 Bd7xg4
41.Bd3e2 Bg4d7
42.Qh1g2 g4
43.f4 Qe7h4
44.Kg1 Qh4e1
45.Qg2f1 Qe1g3
46.Kh1 Qg3xe3
47.Rb6b3 Rf7xf4
48.Qf1b1 Qe3e4
49.Kh2 Qe4xb1
50.Rb3xb1 Rf4f2
51.Kg3 Rf2xe2
{ resign }
0-1

[Event "Tourn. n10056"]
[Site "www.echecsemail.com"]
[Date "2019.03.04"]
[Round "1"]
[White "Alcon"]
[Black "Picifarkinca"]
[WhiteElo "1920"]
[BlackElo "1990"]
[Result "0-1"]
[Round "1"]
1.e4 e5
2.f4 exf4
3.Ng1f3 d6
4.d4 g5
5.Bf1c4 g4
6.Bc1xf4 gxf3
7.Qd1xf3 Bf8g7
8.O-O Bg7xd4
9.Kh1 Qd8e7
10.c3 Bd4f6
11.Nb1d2 Nb8d7
12.Bc4b3 Nd7c5
13.Bb3c2 Bc8e6
14.b4 Nc5d7
15.Qf3e3 Bf6e5
16.Bf4g5 f6
17.Bg5h4 Qe7g7
18.a4 Qg7h6
19.g3 Qh6xe3
{ resign }
0-1

[Event "Tourn. n10038"]
[Site "www.echecsemail.com"]
[Date "2019.03.04"]
[Round "1"]
[White "Apdash"]
[Black "Bojan"]
[WhiteElo "2230"]
[BlackElo "2010"]
[Result "1-0"]
[Round "1"]
1.e4 e5
2.Ng1f3 d6
3.d4 exd4
4.Nf3xd4 g6
5.Bf1c4 Bf8g7
6.Nb1c3 Qd8f6
7.Bc1e3 Bc8d7
8.O-O Ng8e7
9.Nc3b5 Bd7xb5
10.Bc4xb5 Nb8c6
11.c3 O-O
12.Nd4xc6 Ne7xc6
13.Qd1d5 Nc6a5
14.Bb5d7 Rf8d8
15.Bd7a4 c5
16.Be3g5 Qf6e6
17.Bg5xd8 Ra8xd8
18.Ra1d1 b6
19.b4 Qe6xd5
20.exd5 Na5c4
21.Ba4b3 Nc4b2
22.Rd1c1 Nb2d3
23.Rc1d1 Nd3f4
24.bxc5 Nf4e2
25.Kh1 dxc5
26.c4 Ne2c3
27.Rd1d2 Bg7d4
28.f4 Nc3e4
29.Rd2e2 f5
30.g3 Rd8e8
31.Kg2 Kf7
32.Kf3 Re8d8
33.h3 h5
34.g4 Bd4c3
35.g5 Ne4d2
36.Re2xd2 Bc3xd2
37.Rf1f2 Bd2c3
38.Rf2e2 Rd8d6
39.Bb3a4 Rd6d8
40.Re2e6 Bc3d2
41.Ba4c6 Bd2c1
42.Re6f6 Kg7
43.d6 a6
44.Bc6d5 Rd8d7
45.Bd5c6 Rd7d8
46.d7 Bc1b2
47.Rf6e6 Kf7
48.Re6e8 { resign }
1-0

[Event "Tourn. n10083"]
[Site "www.echecsemail.com"]
[Date "2019.03.04"]
[Round "1"]
[White "Claudia"]
[Black "Bojan"]
[WhiteElo "1850"]
[BlackElo "1980"]
[Result "1-0"]
[Round "1"]
1.d4 d5
2.c4 dxc4
3.Ng1f3 b5
4.e3 Bc8b7
5.a4 a6
6.b3 cxb3
7.axb5 axb5
8.Ra1xa8 Bb7xa8
9.Bf1xb5 c6
10.Bb5c4 f6
11.Qd1xb3 Nb8d7
12.Bc4f7 { resign }
1-0

[Event "Match"]
[Site "www.echecsemail.com"]
[Date "2019.03.04"]
[Round "1"]
[White "Gimmyg"]
[Black "Luzhin"]
[WhiteElo "2540"]
[BlackElo "2560"]
[Result "0-1"]
[Round "1"]
1.Nb1c3 d5
2.e4 d4
3.Nc3e2 e5
4.Ne2g3 Bc8e6
5.c3 Nb8c6
6.Bf1b5 Ng8e7
7.Ng1f3 Qd8d6
8.O-O a6
9.Bb5a4 d3
10.Rf1e1 Ne7g6
11.Ng3f5 Qd6d7
12.g3 f6
13.b4 h5
14.Ba4b3 Be6xb3
15.Qd1xb3 h4
16.a4 hxg3
17.fxg3 O-O-O
18.Bc1a3 Ng6f4
19.gxf4 g6
20.Nf5h4 exf4
21.Re1f1 Qd7g4
22.Nh4g2 Nc6e5
23.Qb3d1 Qg4h3
24.Nf3xe5 Qh3xh2
25.Kf2 Qh2g3
26.Kg1 fxe5
27.Qd1f3 Qg3g5
28.b5 a5
29.Ba3xf8 Rd8xf8
30.c4 Qg5e7
{ resign }
0-1

[Event "Tourn. n10020"]
[Site "www.echecsemail.com"]
[Date "2019.03.05"]
[Round "1"]
[White "Zack1984"]
[Black "Szustan"]
[WhiteElo "2220"]
[BlackElo "2620"]
[Result "0-1"]
[Round "1"]
1.h3 e5
2.c4 Ng8f6
3.Ng1f3 Nb8c6
4.e3 e4
5.Nf3d4 Nc6e5
6.Nb1c3 c5
7.Nd4c2 b5
8.Nc3xb5 Bc8b7
9.Bf1e2 Ne5d3
10.Kf1 d5
11.cxd5 Nf6xd5
12.Nc2e1 Nd3xe1
13.Qd1a4 Bb7c6
14.Qa4xe4 Bf8e7
15.Kxe1 O-O
16.Nb5c3 Ra8c8
17.Qe4g4 f5
18.Qg4c4 Kh8
19.Be2f3 Nd5b4
20.Ke2 Bc6xf3
21.gxf3 Qd8e8
22.b3 Rc8d8
23.Bc1b2 Be7f6
24.Nc3a4 Bf6xb2
25.Na4xb2 f4
 { time }
0-1

[Event "Match"]
[Site "www.echecsemail.com"]
[Date "2019.03.05"]
[Round "1"]
[White "Karlgrocer"]
[Black "Whitekknight"]
[WhiteElo "1920"]
[BlackElo "1880"]
[Result "0-1"]
[Round "1"]
1.d4 d5
2.Ng1f3 Ng8f6
3.e3 a6
4.Bf1e2 e6
5.O-O Bf8e7
6.Nb1d2 O-O
7.a3 Nb8c6
8.c4 dxc4
9.Nd2xc4 b5
10.Nc4e5 Bc8b7
11.Ne5xc6 Bb7xc6
12.Nf3e5 Bc6b7
13.Be2f3 Bb7xf3
14.Qd1xf3 Be7d6
15.Ne5c6 Qd8d7
16.Nc6a5 Nf6d5
17.Bc1d2 Nd5f6
18.Ra1c1 Nf6d5
19.e4 Nd5b6
20.Rf1d1 Ra8b8
21.d5 exd5
22.exd5 Nb6xd5
23.g3 Nd5f6
24.Bd2f4 Rb8b6
25.b4 Qd7e7
26.Rd1d3 Bd6xf4
27.Qf3xf4 Rf8e8
28.Rc1d1 h6
29.Rd1c1 Re8c8
30.Qf4f5 Rb6e6
31.Kg2 Rc8e8
32.Na5b3 Re6e5
33.Qf5f3 Re8c8
34.Rd3c3 Nf6d5
35.Rc3c5 Qe7d7
36.Rc5c6 Re5e6
37.Rc6c5 c6
38.Nb3a5 Qd7d6
39.Na5xc6 Nd5b6
40.Nc6a5 Rc8xc5
41.Rc1xc5 Nb6d7
42.Rc5c8 Nd7f8
43.Qf3a8 Qd6e7
44.Na5c6 Qe7d6
45.Qa8xa6 Qd6d5
{ resign }
0-1

[Event "Tourn. n10067"]
[Site "www.echecsemail.com"]
[Date "2019.03.05"]
[Round "1"]
[White "Odin"]
[Black "Bojan"]
[WhiteElo "1910"]
[BlackElo "1990"]
[Result "0-1"]
[Round "1"]
1.Ng1f3 Nb8c6
2.c4 g6
3.d4 d5
4.g3 Bf8g7
5.e3 Bc8g4
6.Bf1g2 Qd8d7
7.O-O dxc4
8.Nb1c3 a6
9.Qd1c2 e6
10.Nf3e1 Ra8b8
11.a3 e5
12.Nc3e4 exd4
13.Ne4c5 Qd7f5
14.Qc2xf5 { time. }
0-1

[Event "Tourn. n10074"]
[Site "www.echecsemail.com"]
[Date "2019.03.05"]
[Round "1"]
[White "Pdebonis"]
[Black "Liencam2"]
[WhiteElo "2700"]
[BlackElo "2320"]
[Result "1-0"]
[Round "1"]
1.d4 d5
2.c4 c6
3.Ng1f3 dxc4
4.e3 b5
5.a4 Ng8f6
6.axb5 cxb5
7.Nb1c3 Bc8d7
8.Nf3e5 e6
9.Qd1f3 b4
10.Qf3xa8 bxc3
11.bxc3 Bf8d6
12.Ne5xc4 Bd7c6
13.Nc4xd6 Qd8xd6
14.Qa8xa7 { resign }
1-0